A hand book for designing mathematics laboratory in schools / (Record no. 40721)

MARC details
000 -LEADER
fixed length control field 00780nam a22002177a 4500
005 - DATE AND TIME OF LATEST TRANSACTION
control field 20100810144914.0
010 ## - LCCN (DPL NO)
LC control number ENG-99445
020 ## - INTERNATIONAL STANDARD BOOK NUMBER
International Standard Book Number 8174503315
Terms of availability 60.00
035 ## - SYSTEM CONTROL NUMBER
System control number EN-82977
037 ## - SOURCE OF ACQUISITION
Source of stock number/acquisition DBAD/PUB
082 ## - DEWEY DECIMAL CLASSIFICATION NUMBER
Classification number 510
100 ## - MAIN ENTRY--PERSONAL NAME
Personal name Hukum Singh
245 ## - TITLE STATEMENT
Title A hand book for designing mathematics laboratory in schools /
Statement of responsibility, etc by Hukum Singh ,Ram Avtar [and] V.P Singh
260 ## - PUBLICATION, DISTRIBUTION, ETC. (IMPRINT)
Place of publication, distribution, etc New Delhi
Name of publisher, distributor, etc National Council Of Educational Research And Training
Date of publication, distribution, etc 2005
270 ## - ADDRESS
Address Sri Aurobindo Marg
City New Delhi
Postal code 110016
300 ## - PHYSICAL DESCRIPTION
Extent 185p.
Dimensions 22cm (pbk)
700 ## - ADDED ENTRY--PERSONAL NAME
Personal name Avtar Ram
9 (RLIN) 10277
700 ## - ADDED ENTRY--PERSONAL NAME
Personal name V.P.Singh
9 (RLIN) 10278
942 ## - ADDED ENTRY ELEMENTS (KOHA)
Source of classification or shelving scheme Dewey Decimal Classification
Item type English Books
Classification part 510
Call number suffix HUK
Holdings
Withdrawn status Lost status Not for loan Collection code Home library Current library Date acquired Source of acquisition Cost, normal purchase price Full call number Barcode Copy number Cost, replacement price Koha item type
    Not For Loan Non-fiction D.B.Act.Division D.B.Act.Division 10/08/2010 DBAD / PUB 60.00 510 HUK EN-82977 1 60.00 English Books

© Delhi Public Library
Hit Counter
free hit counter